00570nam a22001695a 450000500170000001000170001702000230003403500170005703700080007408200080008224501510009026000410024127000460028230000330032870000180036170000210037920100823152615.0 aB-413039-072 c295.00a8183571999 aB-413039-072 bPUB a000 aB.Ed. entrance examination:cedited by J.K. Chopra; revised by G.S. Mansukhani bcomprehensive study material with previous years' solved papers / aNew Delhi bUnique Publishers c2009 aM-51, Lajpat Nagar-IIbNew Delhi e110024 aVarious pagings c30cm(pbk)  aChopra, J.K.  aMansukhani,G.S.